000 00444nam a2200181Ia 4500
001 7416
005 20260306160453.0
008 260306t2008||||xx |||||||||||||| ||spa||
041 _aESP
082 _a338.985
_bA46 2008
100 _aAlthaus Guarderas, Jaime de
_eAUT
245 0 _aLa revolución capitalista en el Perú
260 _c2008
300 _a333 páginas :
_ccm.
650 _aGEN
654 _aCAN
942 _cLIB
_dJUS
_fJUS
_2ddc
_n
999 _c7416
_d7416